000 00225 a2200097 4500
001 24038
100 _aChironis, N.P
245 _aMachine devices and instrumentation
260 _a
_bMcGraw-Hill
_c1966
090 _c16269
_d16269
942 _aNUST-CAE
_cM
_c6968
999 _c259111
_d259111